Elements of banking and insurance / (Record no. 79418)

MARC details
000 -LEADER
fixed length control field 00888nam a22002417a 4500
005 - DATE AND TIME OF LATEST TRANSACTION
control field 20170512142901.0
010 ## - LCCN (DPL NO)
LC control number ENG-108556
020 ## - INTERNATIONAL STANDARD BOOK NUMBER
International Standard Book Number 9788120346574
Terms of availability 295.00
035 ## - SYSTEM CONTROL NUMBER
System control number EN-92089
035 ## - SYSTEM CONTROL NUMBER
System control number B-663815
037 ## - SOURCE OF ACQUISITION
Source of stock number/acquisition DBAD/PUB
082 ## - DEWEY DECIMAL CLASSIFICATION NUMBER
Classification number 332.1
100 ## - MAIN ENTRY--PERSONAL NAME
Personal name Sethi, Jyotsna
245 ## - TITLE STATEMENT
Title Elements of banking and insurance /
Statement of responsibility, etc by Jyotsna Sethi [and] Nishwan Bhatia
250 ## - EDITION STATEMENT
Edition statement 2nd ed
260 ## - PUBLICATION, DISTRIBUTION, ETC. (IMPRINT)
Place of publication, distribution, etc New Delhi
Name of publisher, distributor, etc PHI Learning
Date of publication, distribution, etc 2015
270 ## - ADDRESS
Address M-97, Connaught Circus
City New Delhi
Postal code 110001
300 ## - PHYSICAL DESCRIPTION
Extent xvi,472 p. :
Dimensions 24cm (pbk)
Other physical details ill.
500 ## - GENERAL NOTE
General note Includes bibliographical references and index
700 ## - ADDED ENTRY--PERSONAL NAME
Personal name Bhatia, Nishwan
942 ## - ADDED ENTRY ELEMENTS (KOHA)
Source of classification or shelving scheme Dewey Decimal Classification
Item type English Books
Call number suffix SET
Classification part 332.1
Holdings
Withdrawn status Lost status Not for loan Collection code Home library Current library Date acquired Source of acquisition Cost, normal purchase price Full call number Barcode Copy number Cost, replacement price Koha item type
      Non-fiction Ashok Vihar Ashok Vihar 12/05/2017 BPPD/EN/2013-14/AV/16-17/362/15.2.2017/1034/25.2.2017/ 1.3.2017 295.00 332.1 SET B-663815 1 295.00 English Books
    Not For Loan Non-fiction D.B.Act.Division D.B.Act.Division 16/09/2013 DBAD/PUB 295.00 332.1 SET EN-92089 1 295.00 English Books

© Delhi Public Library
Hit Counter
free hit counter